000 00317nam a2200133Ia 4500
005 20251222143128.0
008 251222s9999||||xx |||||||||||||| ||spa||
020 _a84-7635-266-2
082 _a808.3/K85E
100 _aKrysinski, Wladimir
245 0 _aEncrucijada de Signos:
264 _bArco Libros
942 _cLIB
999 _c11794
_d11794